Durruti (Record no. 105586)

MARC details
000 -LEADER
campo de control de longitud fija 00739nam a2200229 i 4500
001 - NÚMERO DE CONTROL
campo de control 105586
003 - IDENTIFICADOR DE NÚMERO DE CONTROL
campo de control ES-MaACL
005 - FECHA Y HORA DE LA ÚLTIMA TRANSACCIÓN
campo de control 20250911063544.0
007 - CAMPO FIJO DE DESCRIPCIÓN FÍSICA--INFORMACIÓN GENERAL
campo de control de longitud fija t|
008 - DATOS DE LONGITUD FIJA--INFORMACIÓN GENERAL
campo de control de longitud fija 060726s1972 fr |||| |bfre d
080 ## - NÚMERO DE LA CLASIFICACIÓN DECIMAL UNIVERSAL
Número de la Clasificación Decimal Universal 929 Durruti, Buenaventura
080 ## - NÚMERO DE LA CLASIFICACIÓN DECIMAL UNIVERSAL
Número de la Clasificación Decimal Universal 94(460)"1902/31"
080 ## - NÚMERO DE LA CLASIFICACIÓN DECIMAL UNIVERSAL
Número de la Clasificación Decimal Universal 94(460)"1931/39"
100 1# - ENTRADA PRINCIPAL--NOMBRE DE PERSONA
Nombre de persona Paz, Abel,
Fechas asociadas al nombre 1921-2009
9 (RLIN) 242234
245 10 - MENCIÓN DEL TÍTULO
Título Durruti
Resto del título : le peuple en armes /
Mención de responsabilidad, etc. Abel Paz.
260 ## - PUBLICACIÓN, DISTRIBUCIÓN, ETC.
Lugar de publicación, distribución, etc. [S.l.] :
Nombre del editor, distribuidor, etc. Editions de la Tète de Feuilles,
Fecha de publicación, distribución, etc. [1972]
300 ## - DESCRIPCIÓN FÍSICA
Extensión 551 p. ;
Dimensiones 21 cm.
600 17 - PUNTO DE ACCESO ADICIONAL DE MATERIA--NOMBRE DE PERSONA
Nombre de persona Durruti, Buenaventura,
Fechas asociadas al nombre 1896-1936
Fuente del encabezamiento o término embne
9 (RLIN) 241539
650 #4 - PUNTO DE ACCESO ADICIONAL DE MATERIA--TÉRMINO DE MATERIA
Término de materia o nombre geográfico como elemento de entrada Anarquismo-
Subdivisión geográfica España-
Subdivisión cronológica 1931-1939.
9 (RLIN) 9791
852 ## - LOCALIZACIÓN
Ubicación ES-MaACL
Número de control de estantería AND-403
Nota libre - Biblioteca Juan Andrade
Holdings
Estatus retirado Estado de pérdida Estado de daño No para préstamo Biblioteca de origen Biblioteca actual Ubicación en estantería Fecha de adquisición Fuente de adquisición Total de préstamos Signatura topográfica completa Código de barras Visto por última vez Precio de reemplazo Tipo de ítem Koha
        Biblioteca del Ateneo de Madrid Biblioteca del Ateneo de Madrid Depósito 2 17/01/2008     AND-403 1110236 23/02/2023 23/02/2023 Libro impreso